China50 (Record no. 83893)

MARC details
000 -LEADER
fixed length control field 01327cad a22002055a 4500
001 - CONTROL NUMBER
control field L155668
008 - FIXED-LENGTH DATA ELEMENTS--GENERAL INFORMATION
fixed length control field 120402e2012 xxk 000 0 eng d
035 ## - SYSTEM CONTROL NUMBER
System control number (Sirsi) u155668
041 0# - LANGUAGE CODE
Language code of text/sound track or separate title eng
110 2# - MAIN ENTRY--CORPORATE NAME
Corporate name or jurisdiction name as entry element Jones Lang LaSalle
9 (RLIN) 3755
245 00 - TITLE STATEMENT
Title China50
Remainder of title fifty real estate markets that matter
Medium [electronic resource]
260 ## - PUBLICATION, DISTRIBUTION, ETC.
Place of publication, distribution, etc. [S.l.]
Name of publisher, distributor, etc. JLL
Date of publication, distribution, etc. 2012
490 #0 - SERIES STATEMENT
Series statement JLL World Winning Cities Global Foresight Series 2012
Volume/sequential designation March 2012
520 ## - SUMMARY, ETC.
Summary, etc. Focuses on 50 secondary and tertiary cities across mainland China that are being transformed at an unprecedented rate by the scale of building, the pace of economic development and huge levels of infrastructure investment, cities that will be hitting the headlines over the next decade. China50 equates to a continental size economy. Retail is seen as a significant real estate opportunity. Logistics is an underdeveloped sector. Business parks are aligning with new growth industries. Domestic firms are driving office space demand in Tier 1.5 cities. Opportunities for international brands in the China50 hotel market. Property investment overview.
590 ## - LOCAL NOTE (RLIN)
Local note KA
651 #4 - SUBJECT ADDED ENTRY--GEOGRAPHIC NAME
Geographic name China
690 ## - LOCAL SUBJECT ADDED ENTRY--TOPICAL TERM (OCLC, RLIN)
Topical term or geographic name as entry element Commercial property
9 (RLIN) 6227
856 40 - ELECTRONIC LOCATION AND ACCESS
Uniform Resource Identifier <a href="https://www.joneslanglasalle.com.cn/China/EN-GB/Pages/ResearchFilter.aspx">https://www.joneslanglasalle.com.cn/China/EN-GB/Pages/ResearchFilter.aspx</a>
Public note View the report at www.joneslanglasalle.com
942 ## - ADDED ENTRY ELEMENTS (KOHA)
Suppress in OPAC 0
Holdings
Withdrawn status Lost status Source of classification or shelving scheme Damaged status Not for loan Home library Current library Shelving location Date acquired Total Checkouts Full call number Barcode Date last seen Copy number Price effective from Koha item type
    Dewey Decimal Classification     Virtual Virtual Online 02/04/2012   ONLINE PUBLICATION 155668-2001 06/08/2019 1 06/08/2019 Book